000 01214cam a2200337 i 4500
001 24608
003 Mx-PuUPA
005 20250611163936.0
008 140415s2006 mx gr 001 0 spa d
020 _a9681680049
040 _aMx-PuUPA
_bspa
_cMx-PuUPA
_dMx-PuUPA
_erda
041 1 _aspa
_heng
100 1 _aIdel, Moshe,
_d1947-
_917170
_eautor
240 1 0 _aKabbalah : new perspectives.
_lEspañol
245 1 0 _aCábala :
_bnuevas perspectivas /
_cMoshe Idel ; traducción de María Tabuyo, Agustín López
250 _aPrimera edición
264 1 _aMéxico :
_bFondo de Cultura Económica ;
_bEdiciones Siruela,
_c2006
300 _a529 páginas ;
_c23 cm
336 _2rdacontent
_atexto
_btxt
337 _2rdamedia
_asin medio
_bn
338 _2rdacarrier
_avolumen
_bnc
650 7 _2armarc
_aCábala
_xHistoria
650 7 _2armarc
_aReligión
700 1 _aTabuyo, María,
_etraductor
700 1 _aLópez, Agustín,
_etraductor
765 1 _aIdel, Moshe
_tKabbalah : new perspectives
_dYale University, ©1988
942 _2ddc
_cLI
_h296.16
_iM8418
999 _c24608
_d24608